35 Personnages de Bridgerton (s1-s4) - Statistiques

Statistiques générales
  • Ce quiz a été pris 186 fois
  • Le résultat moyen est 21 sur 35
Statistiques - réponses
Answers Hint % Correct
Daphné s1-s2
99%
Benedict s1-s4
98%
Anthony s1-s4
97%
Colin s1-s4
97%
Eloise s1-s4
94%
Penelope s1-s4
94%
Gregory s1-s4
93%
Violet s1-s4
92%
Simon s1
91%
Francesca s1-s4
90%
Charlotte / La Reine s1-s4
88%
Sophie s4
86%
Kate s2-s4
84%
Hyacinthe s1-s4
81%
Agatha / Lady Danbury s1-s4
75%
Edmund
67%
Edwina s2
66%
Lady Whistledown Narrator
65%
John s3-s4
56%
Cressida s1-s4
48%
Posy s4
47%
Prudence s1-s3
44%
Philipa s1-s3
41%
Marina s1-s2
39%
Michaela s4
38%
Portia s1-s4
38%
Araminta s4
37%
Rosamund s4
30%
Alice s1-s4
29%
Theo s2
28%
Marcus s3-s4
22%
Will s1-s4
19%
Geneviève s1-s3
18%
Sienna s1
17%
Lord Featherington s1
10%
Aucun quiz correspondant
Distribution des résultats
% des personnes avec chaque résultat
Percentile par nombre de réponses
Votre historique - résultats
Vous n’avez pas pris ce quiz